| 000 | 01736nam0a2200325 4500 | ||
|---|---|---|---|
| 001 | RU\NLR\bibl\30054 | ||
| 005 | 20260407082046.0 | ||
| 021 |
_aRU _b98-9519 _9450450 |
||
| 035 | _a(NLR Aleph) 000029264 | ||
| 090 |
_a144874 _c144874 |
||
| 100 | _a19990527d1997 |||y0rusy50 ca | ||
| 101 | 0 | _arus | |
| 102 | _aRU | ||
| 105 | _aa ||||||||| | ||
| 200 | 1 |
_aПсихолого-педагогические технологии развития профессионального мастерства кадров управления _f[Кандидаты психол. наук Байер И.В., Варламова Е.П., Деркач А.А. д.психол.н.,проф. и др. ] _gОтв. ред. А.А. Деркач] _gРос. акад. гос. службы при Президенте Рос. Федерации |
|
| 210 |
_aМ. _cРАГС _d1997 |
||
| 215 |
_a237 с. _cил. _d20 |
||
| 606 | 0 |
_aУправление _xКадры _xПодготовка _xПсихологические исследования _92091807 _3RU\NLR\auth\661266037 |
|
| 686 | _aЮ941.19 | ||
| 701 | 1 |
_aБайер _bИ. В. _gИрина Викторовна _4070 |
|
| 701 | 1 |
_aВарламова _bЕ. П. _4070 |
|
| 701 | 1 |
_4070 _7ca _8rus _aДеркач _bА. А. _f1944- _gАнатолий Алексеевич _929810 _3RU\NLR\auth\7746875 |
|
| 702 | 1 |
_4340 _7ca _8rus _aДеркач _bА. А. _f1944- _gАнатолий Алексеевич _929810 _3RU\NLR\auth\7746875 |
|
| 712 | 0 | 2 |
_4570 _aРоссийская академия государственной службы _9287515 _3RU\NLR\AUTH\887664 |
| 801 | 0 |
_aRU _bNLR _c19990527 _gPSBO |
|
| 801 | 1 |
_aRU _bNLR _c19990527 |
|
| 852 |
_aNLR _j99-3/3843 |
||
| 942 | _cBOOK | ||
| 980 | _aNB | ||